000 01172nam a22002655i 4500
001 68454
003 ES-MaACL
005 20251012063044.0
007 t|
008 940301s1879 sp ||||1| spa d
080 _a341.44
100 1 _aGarcía Santisteban, Rafael,
_d1829-1893
_9140041
245 1 0 _aManual práctico de extradiciones /
_ccompilado y anotado por D. Rafael García y Santisteban.
260 _aMadrid :
_b[s.n.],
_c1879 (
_fTip. de G. Estrada)
300 _aXXVIII, 213 p. ;
_c17 cm.
490 1 _aBiblioteca enciclopédica popular ilustrada. Sección 3ª. Conocimientos útiles
530 _aDisponible en formato digital.
650 4 _aExtradición.
_9140042
700 1 _aEstrada, Gregorio.
_9126979
830 1 _aBiblioteca enciclopédica popular ilustrada. Sección 3ª. Conocimientos útiles
_9180990
852 _aES-MaACL
_jF-13577
856 _uhttp://bvrajyl.rajyl.es/i18n/consulta/registro.cmd?id=9957
_zBiblioteca Virtual de la Real Academia de Jurisprudencia y Legislación
856 _uhttps://bibliotecadigital.jcyl.es/es/consulta/registro.do?id=23962
_zBiblioteca Digital de Castilla y León
999 _c68454
_d68454